| 000 | 00622nam a22001937a 4500 | ||
|---|---|---|---|
| 999 |
_c11023 _d11023 |
||
| 003 | AR-CdUCM | ||
| 008 | 190402b ||||| |||| 00| 0 spa d | ||
| 040 |
_aMUNICIPALIDAD PROVINCIAL DEL CUSCO _cBIBLIOTECA MUNICIPAL DEL CUSCO |
||
| 082 |
_aEP / 372.460 / _bZ37 |
||
| 100 |
_aZapata Santillana, Everardo _927530 |
||
| 245 | _aVamos a escribir / | ||
| 260 |
_aLima : _bEdiciones Coquito, _c1996. |
||
| 300 |
_a128 paginas ; _bilustraciones, graficos, dibujos, _c27 cm. |
||
| 500 | _aMetodo de escritura coquito | ||
| 650 |
_aEscritura _94757 |
||
| 650 |
_aTexto educativo _925832 |
||
| 942 |
_2ddc _cLIBROS |
||
| 945 | _apjha | ||